000 00475nam a2200181Ia 4500
008 230711s9999||||xx |||||||||||||| ||und||
020 _a978-81-8247-4093
041 _aENG
082 _a372.6
_bDH-E
100 _aDhillon,Alvinder
245 0 _aTextbook of english and communication skills-2
250 _a1st . Ed.
260 _c2012
_aNew Delhi
_bAbhishek Publications
300 _a311
650 _aCOMMUNICATION SKILL
700 _aSingla,Parmod Kumar
942 _cBK
999 _c5538
_d5538